00729nam a22001937a 4500003000400000005001700004020001800021082001700039100002500056245004300081250000900124260003900133300001400172650001600186942001200202952015600214952014800370999001700518SGT20260629112346.0 a9780323883085 a618.82bN25K aKLIEGMAN, ROBERT M.  aNELSON TB. OF PEDIATRICS 2 VOLUME SET  a22ND aPHILADELPHIA bELSEVIER PUB c2025 a2222,4472 aPEDIATRICS  2ddccBK 00102ddc40718MEDICALaFMbFMcREFd2026-06-01eABC DELHIg7050.00hVOL-IiSGTUl0o618.82 N25KpFM16333r2026-06-29 11:24:47w2026-06-01yBKk23076 00102ddc40718MEDICALaFMbFMcREFd2026-06-01eABC DELHIhVOL-IIiSGTUl0o618.82 N25KpFM16334r2026-06-29 11:24:47w2026-06-01yBKk23076 c34984d34984